| 000 | 01895nam a2200337 i 4500 | ||
|---|---|---|---|
| 001 | 768714001 | ||
| 003 | CO-MdFUSB | ||
| 005 | 20250421105942.0 | ||
| 007 | ta | ||
| 008 | 240323t1989 -us |||| |||| 001 0deng d | ||
| 020 | _a0-674-15165-8 | ||
| 040 |
_cCO-MdFUSB _aCO-MdFUSB _beng _dCO-MdFUSB _erda |
||
| 041 | 0 | _aeng | |
| 082 | 0 |
_223 _a303.372 _bW973 |
|
| 100 | 1 |
_aWuthnow, Robert _eautor |
|
| 245 | 1 | 0 |
_aCommunities of discourse : _bideology and social structure in the reformation, the enlightenment, and european socialism _c/ Robert Wuthnow |
| 264 | 1 |
_bHarvard University Press, _aCambridge, Massachusetts : _c[1989] |
|
| 264 | 4 | _c©1989 | |
| 300 |
_a732 páginas _c ; 16 cm |
||
| 336 |
_2rdacontent _atexto _btxt |
||
| 337 |
_2rdamedia _asin mediación _bn |
||
| 338 |
_2rdacarrier _avolumen _bnc |
||
| 504 | _aIncluye índice | ||
| 505 |
_gParte I: _tLa Reforma Protestante: _aContextos y perspectivas. -- Autonomía del Estado y la Reforma. -- El fracaso de la reforma. -- Condiciones sociales y discurso de reforma. _gParte II: _tLa Ilustración: _aEl mercantilismo y la casa del aprendizaje. -- Producción cultural en Francia e Inglaterra . -- Siete avances de la Ilustración en Prusia y Escocia. -- La Ilustración en las sociedades descentralizadas. -- La autocracia y los límites de la Ilustración. -- Texto y contexto. _gParte III: _tSocialismo europeo: _aAntecedentes Institucionales e Intelectuales. -- Liberalismo en Francia y Gran Bretaña. -- El socialismo en el contexto europeo más amplio. -- Teoría y práctica _gParte IV: _tSociología y cambio cultural: _aEl legado de la teoría clásica. -- Estructura social e ideología. -- El capitalismo y la configuración de la cultura |
||
| 563 | _aRústica | ||
| 650 | 7 |
_aCivilización _xHistoria _928 |
|
| 650 | 0 |
_aCambio social _xHistoria. _96734 |
|
| 942 | _cBK | ||
| 945 | _aLuz | ||
| 999 |
_c44218 _d44218 |
||